000 00409nam a2200145 a 4500
005 20140414131934.0
008 110112s19uu xx 00 eng d
050 _aREF 520
_bC16 2002
245 _aCan I see my house from space? :
_bSpace.
260 _aNashville, Tennessee :
_bMiles Kelly,
_c2002.
440 _aAsk me why
650 _aSpace
_xJuvenile literature
650 _aAstronomy.
999 _c112342
_d112342